Statistics for Vodka brands

Click here to take the quiz!

General Stats

  • This quiz has been taken 70 times
  • The average score is 5 of 15

Answer Stats

HintAnswer% Correct
Swedish brand, started in 1879, wide range of flavoursAbsolut
77%
Russian brand, popular amongst teens, "white whiskey"Smirnoff
77%
French premium brand, manufactured by bacardi, bird logoGrey goose
71%
Brand from Finland, 007 Die Another Day,Finlandia
39%
Polish brand, bison on the bottle, original is forbidden in the U.S.Zubrowka
35%
Brand from Poland, presidential palace on the bottle, campaign with John LegendBelvedere
33%
Russian premium brand, known for their sturgeon logoBeluga
30%
Polish brand, named after a famous composer, most known for their potato vodkaChopin
27%
French brand, founder worked for Hennessy, Sean CombsCiroc
27%
U.S. brand from Texas, made from yellow corn, "handmade" controversyTito's
27%
Russian/Soviet brand, manufactured and distributed by 2 companies, hotel MoskvaStolichnaya
26%
Russian brand, wolf and eagle, cyrillic writing on the bottleRussian standard
24%
Brand from the U.S., blue bottle, John Cena campaignSkyy
20%
German brand, ice filtered, named after Russia's greatest poetPuschkin
17%
Dutch brand, name refers to the destillation process, founded by a French family in 1691Ketel one
11%

Score Distribution

Percentile by Number Answered

Percent of People with Each Score

Your Score History

You have not taken this quiz